000 00642nam a2200217Ia 4500
005 20250508162920.0
008 008 250505s9999 xx 000 0 hin d
037 _aBooks to be hide in OPAC
040 _aFEDL
_beng
_cFEDL
041 _ahin
_2eng
084 _a001.42, BHA
_qFEDL
100 _aBhatnagar O P
245 0 _aVyavharik anusandhan ki vidhi awam parimap
245 0 _cVigyanik Tatha Taknik Sabdawali Ayog
260 _aChandigarh, India
_bHaryana Hindi Granth Akademi
_c1985
300 _a276p.
365 _aINR
_b40
650 _aResearch Methods
942 _cHB
_h001.42, BHA
999 _c1379410
_d1379410